000 00358nam a22001217a 4500
003 SGT
082 _a920
_bS16N
100 _aनिवास, राम
245 _aसंत शिरोमणि गुरु रविदास ग्रंथावली
260 _bवाङ्मय प्रकाशन
_c2016
300 _a371
942 _2ddc
_cBK
999 _c32008
_d32008